<?xml version="1.0" encoding="UTF-8"?>
<record
    xmlns:xsi="http://www.w3.org/2001/XMLSchema-instance"
    xsi:schemaLocation="http://www.loc.gov/MARC21/slim http://www.loc.gov/standards/marcxml/schema/MARC21slim.xsd"
    xmlns="http://www.loc.gov/MARC21/slim">

  <leader>00419nam a22001457a 4500</leader>
  <datafield tag="999" ind1=" " ind2=" ">
    <subfield code="c">12067</subfield>
    <subfield code="d">12067</subfield>
  </datafield>
  <controlfield tag="008">210119b           ||||| |||| 00| 0 eng d</controlfield>
  <datafield tag="082" ind1="0" ind2="0">
    <subfield code="a">669.9</subfield>
    <subfield code="b">R3231</subfield>
  </datafield>
  <datafield tag="100" ind1=" " ind2=" ">
    <subfield code="9">4305</subfield>
    <subfield code="a">Reed-Hall, Robert E.</subfield>
  </datafield>
  <datafield tag="245" ind1="1" ind2="0">
    <subfield code="a">Physical metallurgy principles</subfield>
  </datafield>
  <datafield tag="260" ind1=" " ind2=" ">
    <subfield code="a">Princeton  </subfield>
    <subfield code="b">D. Van Nostrand Company 1968</subfield>
    <subfield code="c">1968</subfield>
  </datafield>
  <datafield tag="300" ind1=" " ind2=" ">
    <subfield code="a">x,630 p.  </subfield>
  </datafield>
  <datafield tag="365" ind1=" " ind2=" ">
    <subfield code="d">14.00</subfield>
  </datafield>
  <datafield tag="650" ind1=" " ind2="0">
    <subfield code="a">Physical Metallurgy</subfield>
  </datafield>
  <datafield tag="942" ind1=" " ind2=" ">
    <subfield code="c">BK</subfield>
  </datafield>
  <datafield tag="952" ind1=" " ind2=" ">
    <subfield code="0">0</subfield>
    <subfield code="1">0</subfield>
    <subfield code="2">ddc</subfield>
    <subfield code="4">0</subfield>
    <subfield code="6">669_900000000000000_R3231</subfield>
    <subfield code="7">0</subfield>
    <subfield code="9">22546</subfield>
    <subfield code="a">CL</subfield>
    <subfield code="b">CL</subfield>
    <subfield code="d">1969-09-29</subfield>
    <subfield code="e">Sankar&#x2019;s Book Agency</subfield>
    <subfield code="o">669.9 R3231</subfield>
    <subfield code="p">03395</subfield>
    <subfield code="r">2021-01-19</subfield>
    <subfield code="y">BK</subfield>
  </datafield>
  <datafield tag="952" ind1=" " ind2=" ">
    <subfield code="0">0</subfield>
    <subfield code="1">0</subfield>
    <subfield code="2">ddc</subfield>
    <subfield code="4">0</subfield>
    <subfield code="6">669_900000000000000_R3231</subfield>
    <subfield code="7">0</subfield>
    <subfield code="9">22547</subfield>
    <subfield code="a">CL</subfield>
    <subfield code="b">CL</subfield>
    <subfield code="d">1969-09-29</subfield>
    <subfield code="e">Sankar&#x2019;s Book Agency</subfield>
    <subfield code="o">669.9 R3231</subfield>
    <subfield code="p">03396</subfield>
    <subfield code="r">2021-01-19</subfield>
    <subfield code="y">BK</subfield>
  </datafield>
</record>
